|
|
|
|
| LEADER |
00000nam a2200000 i 4500 |
| 001 |
103796 |
| 003 |
CZ-ZlUTB |
| 005 |
20210824124729.0 |
| 007 |
ta |
| 008 |
210824s1996 xxka e 001 0 eng d |
| 952 |
|
|
|0 0
|1 0
|4 0
|6 658OMATUS
|7 0
|8 BOOK
|9 164380
|a UTBZL
|b UTBZL
|c 030
|d 2021-08-24
|l 0
|o 658/OMATU,S.
|p 420010188047
|r 2021-08-24 00:00:00
|w 2021-08-24
|y 05
|
| 999 |
|
|
|c 103796
|d 103796
|
| 020 |
|
|
|a 3-540-19965-9
|q (vázáno)
|
| 040 |
|
|
|a ZLD002
|b cze
|e rda
|
| 072 |
|
7 |
|a 658
|x Řízení a správa podniku
|2 Konspekt
|9 4
|
| 080 |
|
|
|a 681.5
|2 MRF
|
| 080 |
|
|
|a 658.5:005.12
|2 MRF
|
| 080 |
|
|
|a (048.8:082)
|2 MRF
|
| 100 |
1 |
|
|a Omatu, Sigeru
|4 aut
|
| 245 |
1 |
0 |
|a Neuro-control and its applications :
|b with 88 figures /
|c Sigeru Omatu, Marzuki Khalid and Rubiyah Yusof
|
| 264 |
|
1 |
|a London :
|b Springer,
|c 1996
|
| 300 |
|
|
|a xiii, 255 stran :
|b ilustrace ;
|c 25 cm
|
| 336 |
|
|
|a text
|b txt
|2 rdacontent
|
| 337 |
|
|
|a bez média
|b n
|2 rdamedia
|
| 338 |
|
|
|a svazek
|b nc
|2 rdacarrier
|
| 504 |
|
|
|a Obsahuje bibliografii a rejstřík
|
| 650 |
0 |
7 |
|a řídicí technika
|7 ph223711
|2 czenas
|
| 650 |
0 |
7 |
|a průmyslové inženýrství
|7 ph124748
|2 czenas
|
| 650 |
0 |
9 |
|a control technology
|2 eczenas
|
| 650 |
0 |
9 |
|a production engineering
|2 eczenas
|
| 655 |
|
7 |
|a kolektivní monografie
|7 fd501537
|2 czenas
|
| 655 |
|
9 |
|a collective monographs
|2 eczenas
|
| 700 |
1 |
|
|a Khalid, Marzuki
|4 aut
|
| 700 |
1 |
|
|a Yusof, Rubiyah
|4 aut
|
| 910 |
|
|
|a ZLD002
|
| 942 |
|
|
|2 udc
|
| 992 |
|
|
|a BK
|